Contemporary approaches to psychology / (Record no. 28889)
[ view plain ]
| 000 -LEADER | |
|---|---|
| fixed length control field | 00972cam a22002771 4500 |
| 001 - CONTROL NUMBER | |
| control field | 28889 |
| 003 - CONTROL NUMBER IDENTIFIER | |
| rucl marc code | BD-RjUL |
| 005 - DATE AND TIME OF LATEST TRANSACTION | |
| control field | 20211209051338.0 |
| 008 - FIXED-LENGTH DATA ELEMENTS--GENERAL INFORMATION | |
| fixed length control field | 140401r19681967njua b 001 0 eng |
| 035 ## - SYSTEM CONTROL NUMBER | |
| System control number | (BD-RjUL)28973 |
| 040 ## - CATALOGING SOURCE | |
| Original cataloging agency | DLC |
| Transcribing agency | DLC |
| Modifying agency | DLC |
| -- | BD-RjUL |
| Language of cataloging | eng |
| 041 ## - LANGUAGE CODE | |
| Language code of text/sound track or separate title | eng |
| 082 00 - DEWEY DECIMAL CLASSIFICATION NUMBER | |
| Classification number | 150 |
| Author mark and year | CON 1968 |
| 245 10 - TITLE STATEMENT | |
| Title | Contemporary approaches to psychology / |
| Statement of responsibility, etc. | edited by Harry Helson and William Bevan in association with Jack A. Adams [and others] |
| 260 ## - PUBLICATION, DISTRIBUTION, ETC. (IMPRINT) | |
| Place of publication, distribution, etc. | Princeton, N.J. : |
| Name of publisher, distributor, etc. | Van Nostrand, |
| Date of publication, distribution, etc. | 1967 [reprinted 1968] |
| 300 ## - PHYSICAL DESCRIPTION | |
| Pagination | xii, 596 p. : |
| Illustrations | ill. ; |
| Size | 25 cm. |
| 490 0# - SERIES STATEMENT | |
| Series statement | The University series in psychology |
| 500 ## - GENERAL NOTE | |
| General note | "Successor to [the first editor's] Theoretical foundations of psychology (1951)" |
| 504 ## - BIBLIOGRAPHY, ETC. NOTE | |
| Bibliography, etc | Includes bibliographies and index. |
| 650 #0 - SUBJECT ADDED ENTRY--TOPICAL TERM | |
| Topical term or geographic name as entry element | Psychology. |
| 9 (RLIN) | 88319 |
| 700 1# - ADDED ENTRY--PERSONAL NAME | |
| Personal name | Bevan, William, |
| Dates associated with a name | 1922- |
| Relator term | joint ed. |
| Personal name | Helson, Harry, |
| 942 ## - ADDED ENTRY ELEMENTS (KOHA) | |
| Source of classification or shelving scheme | Dewey Decimal Classification |
| Koha item type | Books |
| Lost status | Source of classification or shelving scheme | Damaged status | Not for loan | Collection code | Permanent Location | Current Location | Shelving location | Date acquired | Source of acquisition | Cost, normal purchase price | Total Checkouts | Full call number | Date last seen | Copy number | Koha item type |
|---|---|---|---|---|---|---|---|---|---|---|---|---|---|---|---|
| Dewey Decimal Classification | Non-fiction | Central Library, University of Rajshahi | Central Library, University of Rajshahi | 04/08/1971 | Zeitlinger | 145.00 | 150 CON 1968 | 01/04/2014 | C-2 | Books | |||||
| Dewey Decimal Classification | Added to bundle | Non-fiction | Central Library, University of Rajshahi | Central Library, University of Rajshahi | Reading Room | 10/07/1968 | sweets & zeithinger | 134.00 | 150 CON 1968 | 01/04/2014 | C-1 | Books |